000 00980nam0a22003611 4500
001 RU\NLR\A1SV\91445
005 20251111160628.0
035 _a(NLR Aleph) 009772799
090 _a10062641
_c10062641
100 _a20081223d1921 u y0rusy50 ca
101 0 _arus
102 _aRU
200 1 _aЧто делать?
_e(Итоги VIII Съезда Советов)
_fИ.Монько
210 _aМ.
_cГос. изд-во
_d1921
215 _a14 с.
_d23 см
225 _aРаб.-крест. листовки
_v№ 60
620 _dМосква
700 1 _aМонько
_bИ.М.
_gИлларион Маркович
801 0 _aRU
_bNLR
_c20081223
852 _aNLR
_j37.67.1.58
899 _aГОПБ
899 _aНБ ТГУ
899 _aСамОУНБ
899 _aРГБ
899 _aSLK
899 _aНГОУНБ
899 _aГПИБ
899 _aТомОКМ
899 _aСОУНБ
942 _cBOOK
980 _aA1SV
980 _aNB